| 000 | 00367nam a2200157Ia 4500 | ||
|---|---|---|---|
| 008 | 230605s2003 xx 000 0 und d | ||
| 041 | _aeng | ||
| 100 | _aHaddon | ||
| 245 | _aMastering Person and Interpersonal Skills | ||
| 260 |
_bViva books Mumbai _c2003 _c2003 |
||
| 300 | _a286 | ||
| 365 |
_b716 _h20 |
||
| 500 | _a191 | ||
| 520 | _aGeneral | ||
| 650 | _aM.M. | ||
| 999 |
_c417877 _d417877 |
||